Projects on neural networks / (Record no. 187762)

MARC details
000 -LEADER
fixed length control field 00747nam a2200241Ia 4500
003 - CONTROL NUMBER IDENTIFIER
control field OSt
005 - DATE AND TIME OF LATEST TRANSACTION
control field 20251203131735.0
008 - FIXED-LENGTH DATA ELEMENTS--GENERAL INFORMATION
fixed length control field 210716s2006 xx 000 0 und d
020 ## - INTERNATIONAL STANDARD BOOK NUMBER
International Standard Book Number 8183710204
040 ## - CATALOGING SOURCE
Transcribing agency AIMIT LIBRARY
041 ## - LANGUAGE CODE
Language code of text/sound track or separate title eng
082 ## - DEWEY DECIMAL CLASSIFICATION NUMBER
Classification number 006.32
Edition number 1
Item number SWAG
100 ## - MAIN ENTRY--PERSONAL NAME
Personal name Swamy, G N.
9 (RLIN) 247412
245 ## - TITLE STATEMENT
Title Projects on neural networks /
250 ## - EDITION STATEMENT
Edition statement 1st
260 ## - PUBLICATION, DISTRIBUTION, ETC.
Place of publication, distribution, etc. New Delhi :
Name of publisher, distributor, etc. Scitech Publications Pvt Ltd ,
Date of publication, distribution, etc. 2006.
300 ## - PHYSICAL DESCRIPTION
Extent 318p. ;
Other physical details PB
Dimensions 24.7 cm
650 ## - SUBJECT ADDED ENTRY--TOPICAL TERM
Topical term or geographic name entry element ECG classification using KOHNET
9 (RLIN) 247413
650 ## - SUBJECT ADDED ENTRY--TOPICAL TERM
Topical term or geographic name entry element Estimation of box office revenue in matlab
9 (RLIN) 247414
650 ## - SUBJECT ADDED ENTRY--TOPICAL TERM
Topical term or geographic name entry element Predicting gene sequences using E-Coli in java
9 (RLIN) 247415
700 ## - ADDED ENTRY--PERSONAL NAME
Personal name Kumar, G Vijay.
9 (RLIN) 247416
942 ## - ADDED ENTRY ELEMENTS (KOHA)
Source of classification or shelving scheme Dewey Decimal Classification
Koha item type Book
Edition 1st
Call number prefix 006.32 SWAG
Holdings
Withdrawn status Lost status Source of classification or shelving scheme Damaged status Not for loan Collection code Home library Current library Source of acquisition Cost, normal purchase price Inventory number Total Checkouts Full call number Barcode Date last seen Cost, replacement price Price effective from Koha item type
    Dewey Decimal Classification     MCA St Aloysius Institute of Management & Information Technology St Aloysius Institute of Management & Information Technology Higginbothams Pvt Ltd 190.00 Bill no:7173; Bill dt:2006-12-09   006.32 SWAG MCA07270 05/23/2026 152.00 07/16/2021 Book